000 01301nam a22003857a 4500
003 CHAP
005 20220329140930.0
008 971013s1994 r 00010 d
010 _a59967
011 _a60939
035 _a65103
040 _cCHAP
082 _a636.08
_bD42
100 0 0 _aDewi, I. Ap.
_eed.
_932343
245 _aPollution in livestock production systems
260 _aOxon :
_bCAB International,
_c1994
300 _a463 p.
590 _aBATCH-UPD
_b10
_c20130110
_lUCH01
_h0446
590 _aBATCH-UPD
_b10
_c20130110
_lUCH01
_h2308
590 _aBATCH-UPD
_b10
_c20130410
_lUCH01
_h0122
590 _aBATCH-UPD
_b10
_c20130410
_lUCH01
_h1559
590 _aBATCH-UPD
_b10
_c20130914
_lUCH01
_h0447
590 _aCONVERSION
_b10
_c20130109
_lUCH01
_h1332
650 1 4 _aAlimentos y alimentacion del ganado
_xContaminacion.
_94330
650 1 4 _aAves de corral
_xEfecto de la contaminación.
_98644
650 1 4 _aBiogas.
_912740
650 1 4 _aEstiércol fluído en alimentación animal.
_938330
650 1 4 _aEstiércol.
_938313
650 1 4 _aGanado
_xEfecto de la contaminación.
_944905
650 1 4 _aLeptospira.
_966282
650 1 4 _aSalmonella.
_9101764
901 _aBK
942 _cLIBRO
949 _a636.08 D42
_bBC
_cLIBRO
_d33724000084802
_eLIBRO
_gI.181522
_h90425
_i65103
_si
_t886.00
999 _c59967
_d59967